Providing for the use and distribution of the funds awarded to the Western Shoshone identifiable group under Indian Claims Commission docket numbers 326-A-1, 326-A-3, 326-K, and for other purposes : report (to accompany S. 958).

Bibliographic Details
Corporate Author: United States. Congress. Senate. Committee on Indian Affairs (1993- )
Format: Government Document Book
Language:English
Published: [Washington, D.C.] : [U.S. G.P.O.], [2002]
Series:Report / 107th Congress, 2d session, Senate ; 107-297
Subjects:
Online Access:Text version:
Adobe Acrobat Reader required

MARC

Tag First Indicator Second Indicator Subfields
LEADER 00000cam a2200000 a 4500
001 in00001697656
005 20220106093502.0
008 021104s2002 dcu f000 0 eng c
035 |a (OCoLC)ocm51056841 
040 |a GPO  |c GPO  |d MvI  |d UtOrBLW 
042 |a pcc 
043 |a n-usp-- 
049 |a UDOC  |a WWW 
074 |a 1008-C 
074 |a 1008-C (online) 
074 |a 1008-D (MF) 
074 |a 1008-D (online) 
086 0 |a Y 1.1/5:107-297 
110 1 |a United States.  |b Congress.  |b Senate.  |b Committee on Indian Affairs (1993- ) 
245 1 0 |a Providing for the use and distribution of the funds awarded to the Western Shoshone identifiable group under Indian Claims Commission docket numbers 326-A-1, 326-A-3, 326-K, and for other purposes :  |b report (to accompany S. 958). 
264 1 |a [Washington, D.C.] :  |b [U.S. G.P.O.],  |c [2002] 
300 |a 6 pages ;  |c 24 cm. 
336 |a text  |b txt  |2 rdacontent 
337 |a unmediated  |b n  |2 rdamedia 
338 |a volume  |b nc  |2 rdacarrier 
490 1 |a Report / 107th Congress, 2d session, Senate ;  |v 107-297 
500 |a Caption title. 
500 |a Distributed to some depository libraries in microfiche. 
500 |a Shipping list number: 2003-0026-P. 
500 |a "October 3, 2002." 
500 |a Shipping List Date: 11/04/2002 
530 |a Also available via Internet from the GPO Access web site. Addresses as of 11/19/02: http://frwebgate.access.gpo.gov/cgi-bin/getdoc.cgi?dbname=107c̲ongr̲eports&docid=f:sr297.107 (text version), http://frwebgate.access.gpo.gov/cgi-bin/getdoc.cgi?dbname=107c̲ongr̲eports&docid=f:sr297.107.pdf (PDF version); current access is available via PURLs. 
650 0 |a Shoshoni Indians  |x Claims. 
650 0 |a Indians of North America  |z West (U.S.)  |x Claims. 
810 1 |a United States.  |b Congress.  |b Senate.  |t Report ;  |v 107-297. 
856 4 1 |3 Text version:  |u https://purl.fdlp.gov/GPO/LPS24232  |t 0 
856 4 1 |3 PDF version:  |u https://purl.fdlp.gov/GPO/LPS24233  |z Adobe Acrobat Reader required  |t 0 
999 |a MARS 
999 f f |s 069cff74-1960-3603-b73e-a3bdd1f36788  |i 4ea450fe-57c1-3d6a-8019-c582e97689a3  |t 0 
952 f f |a Texas A&M University  |b College Station  |c Electronic Resources  |d Available Online  |t 0  |e Y 1.1/5:107-297  |h Superintendent of Documents classification 
998 f f |a Y 1.1/5:107-297  |t 0  |l Available Online